| 000 | 00916nam a2200253 i 4500 | ||
|---|---|---|---|
| 001 | 175427 | ||
| 003 | ES-MaACL | ||
| 005 | 20251218174608.0 | ||
| 007 | t| | ||
| 008 | 101027s1977 sp o r ||||1| spa d | ||
| 020 | _a84-369-0120-7 | ||
| 080 | _a75 Hernández, Francisco | ||
| 080 | _a929 Hernández, Francisco | ||
| 100 | 1 |
_aRíos Ruiz, Manuel. _997393 |
|
| 245 | 1 | 0 |
_aF. Hernández / _cManuel Ríos Ruiz. |
| 260 |
_a[Madrid] : _bDirección General del Patrimonio Artístico y Cultural, _cD. L. 1977. |
||
| 300 |
_a96 p. : _bfot. col. y n. ; _c17 cm. |
||
| 490 | 1 |
_aArtistas españoles contemporáneos. Pintores ; _v130 |
|
| 600 | 1 | 4 |
_aHernández, Francisco. _962814 |
| 710 | 0 |
_aEspaña. _bDirección General del Patrimonio Artístico y Cultural. _93790 |
|
| 830 | 0 |
_aArtistas españoles contemporáneos. Pintores _v130 _9189664 |
|
| 852 |
_aES-MaACL _j2261-F-83 _xOlim P-1916 |
||
| 999 |
_c175427 _d175427 |
||